| 000 | 00482nam a2200181Ia 4500 | ||
|---|---|---|---|
| 999 |
_c32071 _d32071 |
||
| 003 | OSt | ||
| 005 | 20200728105600.0 | ||
| 008 | 190216s9999||||xx |||||||||||||| ||und|| | ||
| 040 | _coclc | ||
| 082 |
_a510 _bTYR/M |
||
| 100 |
_aTyra, M _93814 |
||
| 245 | 0 |
_aMagical Book on Quicker Maths / _cM Tyra |
|
| 250 | _a3rd Ed. | ||
| 260 |
_bBSC Publishing, _aDelhi: _c2000. |
||
| 300 | _a807p | ||
| 650 | _aMathematics | ||
| 942 |
_cBK _2ddc _h510 _iTYR/M _k510 _mTYR/M |
||